| 000 | 00528cam a22001577a 4500 | ||
|---|---|---|---|
| 008 | 180718b2002 xxu||||| |||| 00| 0 eng d | ||
| 020 | _a8176621978 | ||
| 082 | _aA6x5431 R18 | ||
| 100 | _aRao, H.S. Gururaja | ||
| 245 |
_aLegal aspects of the Kashmir problem _cby H.S. Gururaja Rao |
||
| 260 |
_aNew Delhi _bMinerva _c2002 |
||
| 300 | _a595p. | ||
| 650 | _aJammu and Kashmir - Politics and government | ||
| 650 | _aPolitical corruption - India - Jammu and Kashmir | ||
| 650 | _aJammu and Kashmir - History - Law and legislation | ||
| 999 |
_c402526 _d402526 |
||